Reconocer al futbolista por la imagen. - Estadísticas

Estadísticas generales
  • Esta prueba ha sido intentada 75 veces
  • La puntuación promedio es 7 de 8
Estadísticas de respuestas
Imagen Respuesta % Correcto
Mbappe
100%
Neymar
100%
Messi
98%
Ronaldo
98%
Modrić
97%
Kane
85%
Lewandowski
83%
Immobile
56%
No se encontraron pruebas coincidentes
Distribución de puntuación
Porcentaje de gente con cada puntuación
Porcentaje por número respondido
Historial de tus puntuaciones
No has intentado esta prueba.